| 000 | 00681nam a2200217Ia 4500 | ||
|---|---|---|---|
| 001 | 14707 | ||
| 003 | GE_BSU | ||
| 008 | 181216s||||||||xx |||||||||||||| ||und|| | ||
| 040 | _cGE_BSU | ||
| 080 | _a621.753.21(035.3) | ||
| 100 | _aСелютин,А.М. Беспальчикова,Т.А. | ||
| 245 | _aСправочник по допускам ипосадкам. | ||
| 245 | _cРед. А.Н.Бойцов. | ||
| 250 | _aИзд. 2-е, перераб. и допол. | ||
| 260 | _aМ. | ||
| 260 | _bМашиностроение. | ||
| 260 | _c1966. | ||
| 300 | _a298 стр. 17 см. | ||
| 653 | _aСправочник по допускам ипосадкам. | ||
| 942 | _cBK | ||
| 999 |
_c47833 _d47833 |
||